|
|
|
|
| LEADER |
00000cam a2200000 7i4500 |
| 001 |
0000000946 |
| 005 |
20140322.0 |
| 020 |
0 |
0 |
|a 9251027552
|
| 090 |
0 |
0 |
|a FAO634.98
|b DEL 1989
|
| 100 |
1 |
0 |
|a DE LA CRUZ
|h Virgilio
|
| 245 |
1 |
0 |
|a Small-scale harvesting operations of wood and non-wood forest products involving rural people
|c by Virgilio de la Cruz
|
| 260 |
0 |
0 |
|a Rome :
|b Food and Agriculture Organization of the United Nations ,
|c 1989
|
| 300 |
|
|
|a xi, 77 p. :
|b ill. ;
|c 30 cm.
|
| 440 |
0 |
0 |
|a FAO forestry paper ; 87
|
| 500 |
0 |
0 |
|a Bibliography: (p. 75-77)
|
| 650 |
0 |
0 |
|a Bamboo
|x Harvesting
|z Philippines
|x Case studies
|
| 650 |
0 |
0 |
|a Bark as fuel
|z Philippines
|x Case studies
|
| 650 |
0 |
0 |
|a Forest products
|z Asia, Southeastern
|x Case studies
|
| 650 |
0 |
0 |
|a Forest thinning
|z Malaysia
|x Case studies
|
| 650 |
0 |
0 |
|a Fuelwood cutting
|z Philippines
|x Case studies
|
| 650 |
0 |
0 |
|a Logging
|z Asia, Southeastern
|x Case studies
|
| 650 |
0 |
0 |
|a Logging
|z Malaysia
|x Case studies
|
| 710 |
1 |
1 |
|a Food and Agriculture Organization of the United Nations (FAO)
|
| 998 |
|
|
|a JPSM
|
| 999 |
|
|
|a 0000001994
|b Monograph
|c Reference
|e Default branch
|